000 00403pab a2200157 454500
008 180718b2009 xxu||||| |||| 00| 0 eng d
100 _aVineet Kumar et al.
245 _aA conceptual analysis of the concept total quality management
260 _c2009
300 _ap.11-15.
362 _a12 Oct
650 _aTotal quality management
773 _aUniversity News
908 _aN
909 _a84021
999 _c84021
_d84021